Anuario de estadística agraria. (Record no. 175084)
[ view plain ]
| 000 -LEADER | |
|---|---|
| campo de control de longitud fija | 01017nas a2200253 i 4500 |
| 001 - NÚMERO DE CONTROL | |
| campo de control | 175084 |
| 003 - IDENTIFICADOR DE NÚMERO DE CONTROL | |
| campo de control | ES-MaACL |
| 005 - FECHA Y HORA DE LA ÚLTIMA TRANSACCIÓN | |
| campo de control | 20250217134857.0 |
| 008 - DATOS DE LONGITUD FIJA--INFORMACIÓN GENERAL | |
| campo de control de longitud fija | 101005m19741997sp a| | ||pa d |
| 022 ## - NÚMERO INTERNACIONAL NORMALIZADO PARA PUBLICACIONES SERIADAS | |
| Número Internacional Normalizado para Publicaciones Seriadas | 0212-1158 |
| 080 ## - NÚMERO DE LA CLASIFICACIÓN DECIMAL UNIVERSAL | |
| Número de la Clasificación Decimal Universal | 338.43(460)(083.41) |
| 245 00 - MENCIÓN DEL TÍTULO | |
| Título | Anuario de estadística agraria. |
| 260 ## - PUBLICACIÓN, DISTRIBUCIÓN, ETC. | |
| Lugar de publicación, distribución, etc. | Madrid : |
| Nombre del editor, distribuidor, etc. | Ministerio de Agricultura, Secretaría General Técnica, |
| Fecha de publicación, distribución, etc. | 1974-1997. |
| 300 ## - DESCRIPCIÓN FÍSICA | |
| Extensión | 7 v. ; |
| Dimensiones | 26 cm. |
| 310 ## - PERIODICIDAD ACTUAL | |
| Periodicidad actual | Anual |
| 362 0# - FECHAS DE PUBLICACIÓN Y/O DESIGNACIÓN SECUENCIAL | |
| Fecha de publicación y/o designación secuencial | 1972-1997. |
| 580 ## - NOTA DE RELACIÓN COMPLEJA | |
| Nota de relación compleja | Fusión de: Anuario estadístico de la producción agrícola = ISSN 0081-3419; de: Anuario estadístico de la producción ganadera = ISSN 0081-3427; de: Estadistica forestal de España = ISSN 0071-1535; de: Censo de la ganadería española; y de: Censo del ganado porcino = ISSN 0584-7397. |
| 650 #4 - PUNTO DE ACCESO ADICIONAL DE MATERIA--TÉRMINO DE MATERIA | |
| Término de materia o nombre geográfico como elemento de entrada | Agricultura- |
| Subdivisión geográfica | España- |
| Subdivisión de forma | Estadísticas. |
| 9 (RLIN) | 143450 |
| 655 #7 - TERMINO DE INDIZACIÓN--GENERO/FORMA | |
| Fuente del término | tgfbne |
| 9 (RLIN) | 226822 |
| Datos o término principal de género/forma | Anuarios |
| 852 ## - LOCALIZACIÓN | |
| Ubicación | ES-MaACL |
| Número de control de estantería | E-13260-66 |
| 866 #0 - MENCIÓN TEXTUAL DE FONDOS--UNIDAD BIBLIOGRÁFICA BÁSICA | |
| Fondos | 1972-76, 1978, 1981. |
| 942 ## - ELEMENTOS DE ENTRADA SECUNDARIOS (KOHA) | |
| Fuente del sistema de clasificación o colocación | Clasificación decimal universal |
| Estatus retirado | Estado de pérdida | Estado de daño | No para préstamo | Colección | Biblioteca de origen | Biblioteca actual | Ubicación en estantería | Fecha de adquisición | Fuente de adquisición | Total de préstamos | Signatura topográfica completa | Código de barras | Visto por última vez | Precio de reemplazo | Tipo de ítem Koha |
|---|---|---|---|---|---|---|---|---|---|---|---|---|---|---|---|
| Periódicos y Revistas | Biblioteca del Ateneo de Madrid | Biblioteca del Ateneo de Madrid | Depósito 2 | 05/10/2010 | E-13260-66 | 1183842 | 23/02/2023 | 23/02/2023 | Revista |
